000 00749 a2200181 4500
999 _c5916
_d5916
020 _a9789251073100 (pbk.)
020 _a9251073104 (pbk.)
050 0 0 _aS494.5.U72CAB2012
100 1 _aCabannes, Yves.
245 1 0 _aPro-poor legal and institutional frameworks for urban and peri-urban agriculture /
_cby Yves Cabannes for the Development Law Service, FAO Legal Office..
264 _aRome :
_bFood and Agriculture Organization of the United Nations,
_c2012
300 _aviii, 92 p. :
_bill.
500 _aincludes table of contents
504 _aIncludes bibliographical references (p. 89-92).
650 0 _aUrban agriculture.
942 _2lcc
_cBK
_h494.5U72
_iCAB
_kSF